Xây dựng hệ thống bài tập và hướng dẫn hoạt động giải bài tập chương "dao động và sóng điện từ" vật lý 12 nhằm bồi dưỡng học sinh giỏi THPT chuyên.

Cơ sở lí luận và thực tiễn của việc “Xây dựng hệ thống bài tập và hướng dẫn hoạt động giải bài tập chương “Dao động sóng điện từ” vật lý 12”. Xây dựng hệ thống bài tập và hướng dẫn hoạt động giải bài tập chương “Dao động và sóng điện từ” Vật lý 12 nhằm bồi dưỡng HSG...

詳細記述

保存先:
書誌詳細
第一著者: Phạm Thành Công
その他の著者: Nguyễn Quang Báu GS.TS (Hướng dẫn)
フォーマット: 図書
言語:Vietnamese
出版事項: Hà nội Đại học Quốc gia Hà Nội - Trường ĐH Giáo dục 2013
主題:
タグ: タグ追加
タグなし, このレコードへの初めてのタグを付けませんか!
Thư viện lưu trữ: Mạng thư viện Đại học Đà Nẵng
LEADER 02135nam a2200385 4500
001 000020360
003 16805
005 20150316150337.0
008 150316s2013 viesd
041 |a vie 
082 1 4 |a 537.5076  |b PH-C 
100 |a Phạm Thành Công 
245 1 |a Xây dựng hệ thống bài tập và hướng dẫn hoạt động giải bài tập chương "dao động và sóng điện từ" vật lý 12 nhằm bồi dưỡng học sinh giỏi THPT chuyên.  |c Phạm Thành Công ; Nguyễn Quang Báu hướng dẫn.  |k Luận văn Thạc sĩ 
260 |a Hà nội  |b Đại học Quốc gia Hà Nội - Trường ĐH Giáo dục  |c 2013 
300 |a 107 tr.  |c 29 cm. 
500 |a Luận văn thạc sĩ Khoa học. Chuyên ngành: Lý luận và phương pháp dạy học ( bộ môn Vật Lý). Mã số: 60.14.10 
520 |a Cơ sở lí luận và thực tiễn của việc “Xây dựng hệ thống bài tập và hướng dẫn hoạt động giải bài tập chương “Dao động sóng điện từ” vật lý 12”. Xây dựng hệ thống bài tập và hướng dẫn hoạt động giải bài tập chương “Dao động và sóng điện từ” Vật lý 12 nhằm bồi dưỡng HSG 
650 0 4 |a Sóng điện từ (Điện tử học)  |v Luận văn tôt nghiệp  |x Hệ thống bài tập 
653 |a Vật lý 11 nâng cao 
653 |a Phương pháp dạy học 
653 |a Phướng pháp dạy học môn Lý 
653 |a Điện tử học 
653 |a Giáo dục THPT 
653 |a Dao động và Sóng điện từ 
700 1 |a Nguyễn Quang Báu  |c GS.TS  |e Hướng dẫn 
OWN |a LSP 
AVA |a UDN50  |b LSP  |d 537.5076 PH-C  |e available  |t Error 5001 Not defined in file expand_doc_bib_avail.  |f 1  |g 0  |h N  |i 0  |k 1 
999 |a From the UDN01 
AVA |a UDN50  |b LSP  |d 537.5076 PH-C  |e available  |t Error 5001 Not defined in file expand_doc_bib_avail.  |f 1  |g 0  |h N  |i 0  |k 1 
TYP |a Monograph 
TYP |a Printed language 
980 |a Mạng thư viện Đại học Đà Nẵng